[Event "L. Polugaevsky Memorial 2012"]
[Site "Samara"]
[Date "2012.07.05"]
[Round "1.1"]
[White "Bakin, Alexander"]
[Black "Khismatullin, Denis"]
[Result "0-1"]
[WhiteElo "2176"]
[BlackElo "2664"]
[PlyCount "58"]
[EventDate "2012.07.05"]

1. e4 c6 2. d4 d5 3. exd5 cxd5 4. Bd3 Nc6 5. c3 g6 6. Bf4 Nf6 7. Qc2 Nh5 8. Bg5
f6 9. Be3 e5 10. dxe5 fxe5 11. Be2 Bg7 12. g4 Nf6 13. h3 O-O 14. Nf3 Kh8 15.
Nbd2 Be6 16. Nb3 Rc8 17. Rd1 Bg8 18. Qb1 a5 19. Nc5 Qe7 20. Na4 d4 21. Bg5 Nb4
22. O-O Bxa2 23. Qa1 Bb3 24. cxb4 Qxb4 25. Rc1 e4 26. Nxd4 Qxd4 27. Nc3 Qb4 28.
Rfe1 Nd5 29. Bd2 Qd4 0-1

[Event "L. Polugaevsky Memorial 2012"]
[Site "Samara"]
[Date "2012.07.05"]
[Round "1.2"]
[White "Timofeev, Artyom"]
[Black "Travkina, Anastasia"]
[Result "1-0"]
[WhiteElo "2641"]
[BlackElo "2169"]
[PlyCount "49"]
[EventDate "2012.07.05"]

1. d4 Nf6 2. c4 e6 3. Nc3 Bb4 4. e3 O-O 5. Bd3 d5 6. Nf3 c5 7. O-O Nc6 8. a3
Bxc3 9. bxc3 Re8 10. Bb2 b6 11. cxd5 exd5 12. dxc5 bxc5 13. c4 Bg4 14. cxd5 Ne5
15. Bb5 Rb8 16. Bxe8 Rxb2 17. Nxe5 Bxd1 18. Bxf7+ Kf8 19. Raxd1 Ne4 20. d6 Nd2
21. Nc4 Rc2 22. Nxd2 Kxf7 23. Nf3 c4 24. d7 c3 25. Ne5+ 1-0

[Event "L. Polugaevsky Memorial 2012"]
[Site "Samara"]
[Date "2012.07.05"]
[Round "1.3"]
[White "Kabanova, Ekaterina"]
[Black "Kokarev, Dmitry"]
[Result "0-1"]
[WhiteElo "2164"]
[BlackElo "2616"]
[PlyCount "140"]
[EventDate "2012.07.05"]

1. c4 g6 2. Nf3 Bg7 3. e3 d6 4. Be2 e5 5. d3 Nh6 6. Nbd2 O-O 7. Rb1 g5 8. h4 g4
9. Ng5 a5 10. a3 a4 11. Nge4 Bd7 12. Ng3 f5 13. b4 axb3 14. Qxb3 Bc6 15. e4 f4
16. Ngf1 Nd7 17. c5+ d5 18. Qc2 Nf6 19. Bb2 d4 20. Bd1 Qe7 21. Qc4+ Kh8 22. a4
Ra6 23. Ba3 Qd7 24. Bb4 Rfa8 25. a5 Bb5 26. Qb3 Nf7 27. h5 Bh6 28. Nc4 Rg8 29.
Bd2 Bc6 30. Rg1 Qe7 31. Nh2 g3 32. Nf3 gxf2+ 33. Kxf2 Raa8 34. Kf1 Ng4 35. Be1
Bg7 36. Nh4 Ngh6 37. Nd2 Rxa5 38. Ndf3 Raa8 39. Qc4 Bf6 40. Bb3 Rg4 41. Rh1 Qd7
42. Qe6 Qxe6 43. Bxe6 Rgg8 44. Ke2 Kg7 45. g3 fxg3 46. Bxg3 Kf8 47. Be1 Ke7 48.
Bc4 Rg4 49. Bd2 Ng5 50. Rbg1 Rxg1 51. Rxg1 Nh3 52. Rf1 Nf4+ 53. Bxf4 exf4 54.
e5 Bxh4 55. Nxh4 Ra5 56. Rg1 Rxc5 57. Rg7+ Kd8 58. e6 Rxh5 59. Nf3 Nf5 60. e7+
Ke8 61. Rf7 Nd6 62. Rxf4 Bxf3+ 63. Rxf3 Rh2+ 64. Kd1 Nxc4 65. dxc4 Kxe7 66. Rf5
c6 67. Rf4 c5 68. Rf5 b6 69. Rg5 Kd6 70. Rf5 Rh3 0-1

[Event "L. Polugaevsky Memorial 2012"]
[Site "Samara"]
[Date "2012.07.05"]
[Round "1.4"]
[White "Bocharov, Dmitry"]
[Black "Shaydullina, Sandugach"]
[Result "1/2-1/2"]
[WhiteElo "2600"]
[BlackElo "2160"]
[PlyCount "136"]
[EventDate "2012.07.05"]

1. d4 Nf6 2. Nf3 e6 3. c4 d5 4. Nc3 dxc4 5. e3 a6 6. a4 c5 7. Bxc4 Nc6 8. O-O
Be7 9. b3 O-O 10. Bb2 cxd4 11. exd4 Na5 12. Re1 Nxc4 13. bxc4 b6 14. d5 exd5
15. cxd5 Bb7 16. Re3 Rc8 17. Rd3 Bd6 18. Nd4 Qd7 19. Qf3 Rc4 20. g3 Qg4 21.
Qxg4 Nxg4 22. Nf5 Bc5 23. Nd1 Rc2 24. Bd4 Re8 25. Nfe3 Nxf2 26. Nxf2 Bxd4 27.
Rxd4 Rxe3 28. Rb1 h6 29. d6 Rc8 30. Rdd1 Rd8 31. Rxb6 Bf3 32. Rdb1 Re6 33. Rxa6
Rexd6 34. Rxd6 Rxd6 35. a5 Kf8 36. Rb3 Bd5 37. Rd3 Ke7 38. a6 Ba8 39. Ra3 Kd7
40. Nd3 Kc7 41. Kf2 Kb6 42. Ke3 Ka7 43. Nb4 g5 44. Ra5 Kb6 45. Re5 Rd7 46. Nd3
Bd5 47. Rf5 Rd6 48. Ne5 Kxa6 49. Nxf7 Re6+ 50. Re5 Rxe5+ 51. Nxe5 Be6 52. Ke4
Kb6 53. Nf3 Bg4 54. Ne5 Be6 55. Ng6 Kc5 56. Ne7 Bh3 57. Ke5 h5 58. Ng6 h4 59.
gxh4 gxh4 60. Nxh4 Kc6 61. Ng6 Kd7 62. Kf6 Ke8 63. Kg7 Bf5 64. Ne5 Bh3 65. Nf7
Be6 66. Ng5 Bg4 67. h4 Ke7 68. Nf7 Bh5 1/2-1/2

[Event "L. Polugaevsky Memorial 2012"]
[Site "Samara"]
[Date "2012.07.05"]
[Round "1.6"]
[White "Gabrielian, Artur"]
[Black "Mirzaev, Aziz"]
[Result "1-0"]
[WhiteElo "2594"]
[BlackElo "2154"]
[PlyCount "83"]
[EventDate "2012.07.05"]

1. e4 c6 2. d4 d5 3. e5 c5 4. dxc5 e6 5. Be3 Nd7 6. Nf3 Qc7 7. Nc3 a6 8. Na4
Nxc5 9. Nxc5 Bxc5 10. Bxc5 Qxc5 11. c3 Bd7 12. a4 Ne7 13. Bd3 h6 14. O-O Rc8
15. Re1 Nc6 16. Bc2 a5 17. Nd2 Qe7 18. Nf3 Qc5 19. h4 b6 20. Rc1 Qc4 21. Bd3
Qc5 22. h5 Rc7 23. Qd2 Kd8 24. Qf4 Qe7 25. Qg3 Qf8 26. Bb5 Ne7 27. Nd4 Bxb5 28.
axb5 g6 29. hxg6 Nxg6 30. c4 Ne7 31. Nc6+ Nxc6 32. bxc6 d4 33. Red1 Qc5 34. b4
Qxb4 35. Rxd4+ Kc8 36. Qd3 Qc5 37. Rb1 Rg8 38. g3 Qxc6 39. Rd6 Qxc4 40. Qf3 Qa6
41. Rbxb6 Qa7 42. Ra6 1-0

[Event "L. Polugaevsky Memorial 2012"]
[Site "Samara"]
[Date "2012.07.05"]
[Round "1.8"]
[White "Shomoev, Anton"]
[Black "Sviridova, Vlada"]
[Result "1-0"]
[WhiteElo "2582"]
[BlackElo "2115"]
[PlyCount "131"]
[EventDate "2012.07.05"]

1. d4 d5 2. c4 c6 3. Nf3 Nf6 4. e3 g6 5. Nc3 Bg7 6. h3 a6 7. Bd3 b5 8. b3 O-O
9. Bd2 Nbd7 10. O-O Re8 11. Qc2 e5 12. cxd5 cxd5 13. dxe5 Nxe5 14. Nxe5 Rxe5
15. Ne2 Ne4 16. Rad1 Nxd2 17. Qxd2 Bd7 18. Nf4 Be6 19. Be2 Qb6 20. Nd3 Re4 21.
Bf3 Rd8 22. Qc2 Rh4 23. Qc5 Qxc5 24. Nxc5 Rd6 25. Rd2 Bc3 26. Rc2 b4 27. Rd1 g5
28. Na4 Bf6 29. Rcd2 d4 30. Nc5 Bd5 31. Bxd5 Rxd5 32. g3 Rxh3 33. exd4 g4 34.
Nxa6 Rdh5 35. Kf1 Bg5 36. Rc2 Bf6 37. Rc5 Rh1+ 38. Ke2 Rxd1 39. Kxd1 Rh1+ 40.
Ke2 Be7 41. Rc4 Ra1 42. Nxb4 Bxb4 43. Rxb4 Rxa2+ 44. Ke3 Kg7 45. d5 Kf6 46.
Rxg4 Ke5 47. Rg7 Ra7 48. Rxh7 Kxd5 49. Kd3 Ke6 50. Rh4 Ra2 51. Re4+ Kd5 52. Re2
Ra7 53. Rb2 Ra3 54. Ke3 Ke6 55. Kd4 Kd6 56. b4 Ra4 57. Rb3 f5 58. Ke3 Ke5 59.
b5 f4+ 60. gxf4+ Rxf4 61. b6 Rf8 62. b7 Rb8 63. f4+ Kf5 64. Rb6 Re8+ 65. Kd4
Rb8 66. Kc5 1-0

[Event "L. Polugaevsky Memorial 2012"]
[Site "Samara"]
[Date "2012.07.05"]
[Round "1.10"]
[White "Yemelin, Vasily"]
[Black "Idrisova, Roza"]
[Result "1-0"]
[WhiteElo "2577"]
[BlackElo "2101"]
[PlyCount "55"]
[EventDate "2012.07.05"]

1. e4 c6 2. d4 d5 3. e5 c5 4. dxc5 e6 5. Nf3 Bxc5 6. Bd3 Nc6 7. a3 a6 8. O-O
Qc7 9. Bf4 Nge7 10. Bg3 Ng6 11. Re1 Bd7 12. Nbd2 Be7 13. h4 Na5 14. h5 Nf8 15.
b4 Nc4 16. Bxc4 dxc4 17. Ne4 Bc6 18. Nd6+ Bxd6 19. exd6 Qb6 20. Ne5 Qb5 21. Qg4
Rg8 22. h6 Bd5 23. Qxg7 Rxg7 24. hxg7 f6 25. d7+ Ke7 26. g8=Q fxe5 27. Qg7+ Kd6
28. d8=Q+ 1-0

[Event "L. Polugaevsky Memorial 2012"]
[Site "Samara"]
[Date "2012.07.05"]
[Round "1.11"]
[White "Popelyshev, Igor V"]
[Black "Frolyanov, Dmitry"]
[Result "0-1"]
[WhiteElo "2095"]
[BlackElo "2564"]
[PlyCount "76"]
[EventDate "2012.07.05"]

1. e4 c5 2. Na3 g6 3. f4 Bg7 4. Nf3 Nf6 5. e5 Nd5 6. c4 Nxf4 7. d4 Ne6 8. d5
Nd4 9. Nxd4 cxd4 10. Qxd4 d6 11. Bf4 Nd7 12. Qd2 Nxe5 13. Be2 O-O 14. O-O Ng4
15. h3 Qb6+ 16. Kh1 Nf2+ 17. Kh2 Ne4 18. Qc2 Nc5 19. Nb5 Bf5 20. Qd2 a6 21. Nc3
Ne4 22. Nxe4 Bxe4 23. Bd3 Bxd3 24. Qxd3 Rac8 25. Rae1 Qc7 26. b3 Qd7 27. a4
Rfe8 28. Rf3 Bf8 29. Bg5 e5 30. Bf6 Be7 31. Qe4 b5 32. axb5 axb5 33. cxb5 Qxb5
34. Ref1 Qb7 35. Bxe7 f5 36. Qa4 Rxe7 37. Ra1 e4 38. Rff1 Qxd5 0-1

[Event "L. Polugaevsky Memorial 2012"]
[Site "Samara"]
[Date "2012.07.05"]
[Round "1.12"]
[White "Fedorov, Alexei"]
[Black "Smetanov, Nikolay"]
[Result "1-0"]
[WhiteElo "2562"]
[BlackElo "2095"]
[PlyCount "53"]
[EventDate "2012.07.05"]

1. e4 e6 2. d3 d5 3. Qe2 Nf6 4. Nf3 Be7 5. g3 c5 6. Bg2 Nc6 7. O-O b6 8. e5 Nd7
9. c4 d4 10. Nfd2 Bb7 11. f4 Qc7 12. Ne4 O-O-O 13. Na3 a6 14. Nc2 Rde8 15. Bd2
f6 16. exf6 Bxf6 17. b4 Nd8 18. a4 Nf7 19. a5 Be7 20. axb6 Nxb6 21. bxc5 Bxc5
22. Nxc5 Qxc5 23. Rfb1 e5 24. Qg4+ Kb8 25. Bxb7 Kxb7 26. Qd7+ Qc7 27. Rxb6+ 1-0

[Event "L. Polugaevsky Memorial 2012"]
[Site "Samara"]
[Date "2012.07.05"]
[Round "1.13"]
[White "Kobylsky, Evgeny"]
[Black "Kovalenko, Igor"]
[Result "0-1"]
[WhiteElo "2091"]
[BlackElo "2556"]
[PlyCount "96"]
[EventDate "2012.07.05"]

1. e4 c6 2. d4 d5 3. exd5 cxd5 4. c4 Nf6 5. Nc3 Nc6 6. Bg5 Be6 7. c5 g6 8. Bxf6
exf6 9. Bb5 Bg7 10. Nge2 O-O 11. O-O f5 12. Bxc6 bxc6 13. b4 Qb8 14. Qa4 Rc8
15. f4 a6 16. Rab1 Qb7 17. Qd1 Re8 18. a4 Bd7 19. Kh1 Re3 20. Qd2 Rae8 21. Ng1
Bh6 22. g3 Qb8 23. b5 axb5 24. axb5 cxb5 25. Nf3 Bc6 26. Qb2 b4 27. Nd1 R3e7
28. Ne5 Bb5 29. Qxb4 Rb7 30. Nc3 Ba6 31. Qa4 Rxe5 32. Qxa6 Ree7 33. Rxb7 Rxb7
34. Nxd5 Ra7 35. Qd3 Bg7 36. c6 Qd6 37. Qc4 Ra4 38. Qc5 Qe6 39. Ne7+ Kh8 40.
Qc2 Ra7 41. Rb1 Qxe7 42. Rb8+ Bf8 43. Kg2 Kg7 44. Kh3 Qe4 45. Qb2 Bd6 46. d5+
Kh6 47. Rg8 Bxf4 48. Qf6 Bxg3 0-1

[Event "L. Polugaevsky Memorial 2012"]
[Site "Samara"]
[Date "2012.07.05"]
[Round "1.16"]
[White "Shaposhnikov, Evgeny"]
[Black "Komendatyan, Artyom"]
[Result "1-0"]
[WhiteElo "2545"]
[BlackElo "2036"]
[PlyCount "43"]
[EventDate "2012.07.05"]

1. e4 e6 2. d3 c5 3. Nf3 d5 4. Qe2 Nf6 5. g3 Nc6 6. Bg2 Be7 7. O-O O-O 8. e5
Nd7 9. c4 d4 10. h4 Re8 11. Bf4 Nf8 12. h5 f5 13. exf6 Bxf6 14. Nh2 e5 15. Bc1
Ne6 16. Nd2 Ng5 17. Ne4 Nxe4 18. Bxe4 Bh3 19. Rd1 Qd7 20. g4 Bh4 21. Qf3 Rf8
22. Qxh3 1-0

[Event "L. Polugaevsky Memorial 2012"]
[Site "Samara"]
[Date "2012.07.05"]
[Round "1.17"]
[White "Chekletsov, Ilya"]
[Black "Iljushin, Alexei"]
[Result "0-1"]
[WhiteElo "2021"]
[BlackElo "2517"]
[PlyCount "76"]
[EventDate "2012.07.05"]

1. d4 e6 2. c4 f5 3. Nf3 Nf6 4. g3 c6 5. Bg2 d5 6. O-O Bd6 7. Nc3 O-O 8. Qc2
Qe7 9. Bf4 Bxf4 10. gxf4 Bd7 11. Rab1 Be8 12. b4 dxc4 13. b5 Nd5 14. e3 Nxc3
15. Qxc3 cxb5 16. a4 a6 17. Ne5 Nc6 18. axb5 Nxe5 19. bxa6 Ng6 20. axb7 Rb8 21.
Qxc4 Nh4 22. Bh1 Bh5 23. Rb6 Nf3+ 24. Bxf3 Bxf3 25. Qxe6+ Qxe6 26. Rxe6 Rxb7
27. h3 Rf6 28. Rxf6 gxf6 29. Kh2 Rg7 30. Rg1 Rxg1 31. Kxg1 h5 32. h4 Kf7 33.
Kh2 Ke6 34. Kg3 Bd1 35. f3 Kd5 36. Kg2 Kc4 37. Kg3 Kd3 38. Kf2 Bb3 0-1

[Event "L. Polugaevsky Memorial 2012"]
[Site "Samara"]
[Date "2012.07.05"]
[Round "1.19"]
[White "Shapiro, David"]
[Black "Goganov, Aleksey"]
[Result "0-1"]
[WhiteElo "2007"]
[BlackElo "2509"]
[PlyCount "120"]
[EventDate "2012.07.05"]

1. d4 Nf6 2. c4 e6 3. Nf3 b6 4. g3 Ba6 5. Qc2 Bb7 6. Bg2 Bb4+ 7. Bd2 Bxd2+ 8.
Nbxd2 c5 9. O-O cxd4 10. Nxd4 Bxg2 11. Kxg2 O-O 12. Rfd1 Qc8 13. Qd3 Nc6 14.
Rac1 Nxd4 15. Qxd4 Qb7+ 16. f3 Rfd8 17. Ne4 Nxe4 18. Qxe4 Qxe4 19. fxe4 d6 20.
b4 Kf8 21. e5 dxe5 22. Rxd8+ Rxd8 23. c5 Ke7 24. a4 Rd4 25. cxb6 axb6 26. Rc7+
Kf6 27. b5 Rxa4 28. Rb7 g5 29. Rxb6 Rb4 30. Rb8 h6 31. b6 Kf5 32. h3 Ke4 33.
Kf2 f5 34. b7 f4 35. gxf4 gxf4 36. Rh8 Rxb7 37. Rxh6 Kd5 38. Rf6 Ra7 39. Rf8
Rh7 40. Rd8+ Ke4 41. Re8 Rh6 42. Re7 Kf5 43. Kg2 e4 44. Rf7+ Ke5 45. Rd7 e3 46.
Ra7 Kf5 47. Ra6 Rh8 48. Ra7 e5 49. Rf7+ Ke4 50. Rg7 Rd8 51. Ra7 Rd2 52. Ra4+
Kf5 53. Kf3 Rd1 54. Kg2 Re1 55. Ra2 e4 56. Rb2 Kg5 57. Ra2 Kh4 58. Rb2 Ra1 59.
Rc2 Rd1 60. Rc8 f3+ 0-1

[Event "L. Polugaevsky Memorial 2012"]
[Site "Samara"]
[Date "2012.07.05"]
[Round "1.20"]
[White "Fedoseev, Vladimir"]
[Black "Bykova, Anastasia"]
[Result "1-0"]
[WhiteElo "2506"]
[BlackElo "2005"]
[PlyCount "87"]
[EventDate "2012.07.05"]

1. d4 d5 2. c4 c6 3. Nf3 Nf6 4. e3 Bf5 5. Nc3 e6 6. Nh4 Bg4 7. Qb3 Qb6 8. h3
Bh5 9. g4 Bg6 10. Nxg6 hxg6 11. Bg2 Be7 12. g5 Nfd7 13. e4 dxe4 14. Nxe4 e5 15.
d5 cxd5 16. cxd5 Qxb3 17. axb3 Bb4+ 18. Bd2 Na6 19. Bc3 O-O 20. Ke2 f5 21. gxf6
gxf6 22. Rxa6 bxa6 23. Bxb4 Rfb8 24. Bc3 Rxb3 25. h4 Kg7 26. h5 Rh8 27. Bh3
Rxh5 28. Ng3 Rxh3 29. Rxh3 Nc5 30. Rh4 g5 31. Rb4 Rxb4 32. Bxb4 Na4 33. d6 Nb6
34. Bc5 Nd7 35. Bxa7 Kf7 36. Kd3 Ke6 37. Ke4 f5+ 38. Kd3 Kxd6 39. Nxf5+ Ke6 40.
Ng3 Kd5 41. Ne4 g4 42. b4 Kc6 43. Kc4 Nf8 44. Nf6 1-0

[Event "L. Polugaevsky Memorial 2012"]
[Site "Samara"]
[Date "2012.07.05"]
[Round "1.22"]
[White "Nakhapetiane, Pogos"]
[Black "Elistratov, Semen"]
[Result "1-0"]
[WhiteElo "2497"]
[BlackElo "1985"]
[PlyCount "63"]
[EventDate "2012.07.05"]

1. e4 c5 2. Nf3 d6 3. d4 Nf6 4. Nc3 cxd4 5. Nxd4 a6 6. h3 e6 7. g4 Be7 8. g5
Nfd7 9. Be3 Nc6 10. Qd2 Qc7 11. O-O-O O-O 12. h4 Nxd4 13. Qxd4 b5 14. h5 Bb7
15. h6 e5 16. Qd2 g6 17. Kb1 Nb6 18. f4 Rfc8 19. Qf2 Na4 20. Nd5 Bxd5 21. Rxd5
exf4 22. Bxf4 Nb6 23. Rd4 Nc4 24. Bxc4 bxc4 25. Rd5 Rab8 26. Qd4 Bf8 27. Bxd6
Qb6 28. Bxb8 Qxb8 29. c3 Qg3 30. Rd1 Qg2 31. Qe5 Qe2 32. a4 1-0

[Event "L. Polugaevsky Memorial 2012"]
[Site "Samara"]
[Date "2012.07.05"]
[Round "1.24"]
[White "Bukavshin, Ivan"]
[Black "Semenova, Alena"]
[Result "1-0"]
[WhiteElo "2487"]
[BlackElo "1957"]
[PlyCount "83"]
[EventDate "2012.07.05"]

1. Nf3 c5 2. e4 e6 3. d4 cxd4 4. Nxd4 a6 5. Bd3 Bc5 6. Nb3 Ba7 7. Qg4 Nf6 8.
Qg3 Nc6 9. O-O d6 10. Nc3 b5 11. Qxg7 Rg8 12. Qh6 Rg6 13. Qh4 Rg4 14. Qh6 Rg6
15. Qh4 Rg4 16. Qh3 e5 17. Nd5 Rg6 18. Qh4 Nxd5 19. Qxd8+ Nxd8 20. exd5 f5 21.
a4 b4 22. Bd2 Rb8 23. Be3 Bxe3 24. fxe3 Rf6 25. Rf2 Rf7 26. Raf1 e4 27. Be2 Kf8
28. Nd4 a5 29. Nxf5 Bxf5 30. Rxf5 Rbb7 31. Rxf7+ Rxf7 32. Rf4 Rxf4 33. exf4 Nb7
34. Kf2 Kf7 35. Ke3 Kf6 36. b3 Nc5 37. g4 h6 38. h4 Kg6 39. f5+ Kf6 40. Kf4 e3
41. g5+ hxg5+ 42. hxg5+ 1-0

[Event "L. Polugaevsky Memorial 2012"]
[Site "Samara"]
[Date "2012.07.05"]
[Round "1.25"]
[White "Gusev, Boris A"]
[Black "Iskusnyh, Sergei"]
[Result "0-1"]
[WhiteElo "1956"]
[BlackElo "2478"]
[PlyCount "62"]
[EventDate "2012.07.05"]

1. e4 e6 2. d4 d5 3. Nd2 c5 4. Ngf3 cxd4 5. Nxd4 Nf6 6. e5 Nfd7 7. N2f3 Nc6 8.
Nxc6 bxc6 9. Bd3 Ba6 10. O-O Bxd3 11. cxd3 Be7 12. Qa4 Qc7 13. Be3 O-O 14. Rac1
Nxe5 15. Nxe5 Qxe5 16. d4 Qb8 17. Rxc6 Qxb2 18. Rc7 Bd6 19. Rxa7 Bxh2+ 20. Kh1
Rxa7 21. Qxa7 Qe2 22. Kxh2 Qxf1 23. a4 Qb1 24. g3 Qb8 25. Qd7 Qe8 26. Qa7 Qa8
27. Qd7 Qa5 28. Kg2 Ra8 29. Qe7 Qxa4 30. Qh4 Qc2 31. Qg5 Qe4+ 0-1

[Event "L. Polugaevsky Memorial 2012"]
[Site "Samara"]
[Date "2012.07.05"]
[Round "1.26"]
[White "Virovlansky, Semen"]
[Black "Litvinov, Maxim"]
[Result "1-0"]
[WhiteElo "2471"]
[BlackElo "1947"]
[PlyCount "45"]
[EventDate "2012.07.05"]

1. d4 d5 2. c4 e6 3. Nf3 Nf6 4. g3 Bb4+ 5. Bd2 Be7 6. Bg2 O-O 7. O-O b6 8. Nc3
Bb7 9. Ne5 Nbd7 10. Bf4 c6 11. Rc1 Nxe5 12. dxe5 Nd7 13. cxd5 cxd5 14. e4 Ba6
15. Re1 g5 16. Be3 Nxe5 17. exd5 Nd3 18. dxe6 f5 19. Nd5 Nxe1 20. Qxe1 Rc8 21.
Rxc8 Bxc8 22. Bd4 Qd6 23. Qe5 1-0

[Event "L. Polugaevsky Memorial 2012"]
[Site "Samara"]
[Date "2012.07.05"]
[Round "1.27"]
[White "Sazonova, Anastasia"]
[Black "Predke, Alexandr"]
[Result "0-1"]
[WhiteElo "1939"]
[BlackElo "2464"]
[PlyCount "82"]
[EventDate "2012.07.05"]

1. e4 e5 2. Nf3 Nc6 3. d4 exd4 4. Bc4 Bc5 5. c3 Nf6 6. cxd4 Bb4+ 7. Nc3 Nxe4 8.
O-O Bxc3 9. bxc3 d5 10. Bd3 O-O 11. Qc2 Re8 12. Bf4 Bf5 13. Rfe1 Bg6 14. h3 Nf6
15. Bxg6 hxg6 16. Nd2 Rxe1+ 17. Rxe1 Qd7 18. Nf1 Re8 19. Ne3 Re4 20. Bh2 Re6
21. Rb1 Na5 22. Be5 Ne8 23. Qd2 b6 24. Qd3 c6 25. Bg3 Nd6 26. Bxd6 Qxd6 27. g3
Qa3 28. Qc2 b5 29. Rb4 Nc4 30. Nxc4 dxc4 31. Kg2 a5 32. Rb1 Qe7 33. Rb2 Re1 34.
d5 cxd5 35. Rxb5 Re2 36. Qb1 Qe3 37. Qf1 Rxa2 38. Kg1 Qxc3 39. Rxd5 Ra1 40. Rd1
Rxd1 41. Qxd1 Qd3 0-1

[Event "L. Polugaevsky Memorial 2012"]
[Site "Samara"]
[Date "2012.07.05"]
[Round "1.28"]
[White "Kopylov, Alexander A"]
[Black "Bobrov, Vitaly"]
[Result "1-0"]
[WhiteElo "2446"]
[BlackElo "1925"]
[PlyCount "59"]
[EventDate "2012.07.05"]

1. d4 d5 2. c4 e6 3. Nf3 Nf6 4. cxd5 exd5 5. Nc3 c6 6. Bg5 Bd6 7. e3 O-O 8. Bd3
Nbd7 9. Qc2 h6 10. Bh4 Qc7 11. Rc1 Qb8 12. a3 a5 13. O-O Ng4 14. h3 Nh2 15.
Nxh2 Bxh2+ 16. Kh1 Bd6 17. f4 Re8 18. Rf3 Be7 19. Bxe7 Rxe7 20. e4 dxe4 21.
Nxe4 Nb6 22. f5 Re8 23. f6 g6 24. Qd2 Kh7 25. Rf4 h5 26. Rh4 Bf5 27. Ng5+ Kg8
28. Bxf5 Qg3 29. Ne4 Rxe4 30. Qh6 1-0

[Event "L. Polugaevsky Memorial 2012"]
[Site "Samara"]
[Date "2012.07.05"]
[Round "1.29"]
[White "Chekletsov, Egor"]
[Black "Vokarev, Sergey"]
[Result "0-1"]
[WhiteElo "1917"]
[BlackElo "2437"]
[PlyCount "63"]
[EventDate "2012.07.05"]

1. d4 Nf6 2. c4 g6 3. f3 d5 4. cxd5 c6 5. e4 cxd5 6. e5 Ng8 7. Nc3 Bg7 8. Qa4+
Nc6 9. Bb5 Bd7 10. Nge2 e6 11. O-O Qb6 12. Be3 Bxe5 13. Bf2 Bg7 14. Rad1 Nge7
15. g4 O-O 16. Kg2 Rfc8 17. Bh4 a6 18. Bxc6 Nxc6 19. Qb3 Qxb3 20. axb3 Na5 21.
Nc1 b5 22. Be7 Bf8 23. Bxf8 Kxf8 24. Rfe1 b4 25. Na4 Bxa4 26. bxa4 Rc2+ 27. Re2
Rac8 28. Rxc2 Rxc2+ 29. Kg1 Nc4 30. b3 Nd2 31. a5 Nxf3+ 32. Kf1 0-1

[Event "L. Polugaevsky Memorial 2012"]
[Site "Samara"]
[Date "2012.07.05"]
[Round "1.31"]
[White "Strunin, Anton"]
[Black "Mokshanov, Alexey"]
[Result "0-1"]
[WhiteElo "1889"]
[BlackElo "2413"]
[PlyCount "88"]
[EventDate "2012.07.05"]

1. d4 d5 2. Nf3 Nf6 3. c4 e6 4. Nc3 c6 5. cxd5 exd5 6. Bg5 Be7 7. e3 Bf5 8. Bd3
Bxd3 9. Qxd3 Nbd7 10. O-O O-O 11. Qf5 Re8 12. Rad1 h6 13. Bf4 Nf8 14. Ne5 Qc8
15. Qd3 Nh5 16. Bg3 Nxg3 17. hxg3 Bd6 18. Nf3 Qg4 19. Rfe1 Rad8 20. e4 dxe4 21.
Rxe4 Rxe4 22. Nxe4 Ne6 23. Qe3 Bc7 24. Rd3 Qf5 25. Nh4 Qh5 26. Nf3 Bb6 27. Nc3
Qg4 28. Ne2 Qf5 29. Ne5 Rd5 30. g4 Qf6 31. f4 Nxf4 32. Nxf4 Rxe5 33. Qd2 Re4
34. Ne2 Rxg4 35. Qe3 Qg6 36. g3 h5 37. Qe8+ Kh7 38. Rf3 Re4 39. Qd7 Rxe2 40.
Qxf7 Qb1+ 41. Rf1 Bxd4+ 42. Kh1 Qe4+ 43. Rf3 Re1+ 44. Kh2 Qe2+ 0-1

[Event "L. Polugaevsky Memorial 2012"]
[Site "Samara"]
[Date "2012.07.05"]
[Round "1.32"]
[White "Bochkarev, Alexey"]
[Black "Gumerov, Ruslan"]
[Result "1-0"]
[WhiteElo "2410"]
[BlackElo "1877"]
[PlyCount "83"]
[EventDate "2012.07.05"]

1. d4 Nf6 2. Nf3 e6 3. Bg5 d5 4. e3 c5 5. c3 Be7 6. Nbd2 Nc6 7. Bd3 b6 8. Bb5
Bb7 9. Qa4 Qc7 10. Ne5 Rc8 11. Qxa7 O-O 12. Bxc6 Bxc6 13. Qxc7 Rxc7 14. Nxc6
Rxc6 15. O-O h6 16. Bh4 Ra8 17. Bxf6 Bxf6 18. a3 Rcc8 19. Rad1 Ra7 20. f4 g6
21. Nf3 Kg7 22. Rfe1 Ra4 23. Re2 Rc7 24. g4 Be7 25. Kf2 Rc4 26. Rg1 f6 27. Ke1
Ra4 28. Kd2 b5 29. dxc5 Bxc5 30. Nd4 Bxd4 31. exd4 Kf7 32. f5 Ra6 33. fxe6+
Rxe6 34. Rge1 Rce7 35. Rxe6 Rxe6 36. Rxe6 Kxe6 37. Ke3 f5 38. gxf5+ Kxf5 39. b3
Ke6 40. Kf4 Kd6 41. a4 bxa4 42. bxa4 1-0

[Event "L. Polugaevsky Memorial 2012"]
[Site "Samara"]
[Date "2012.07.05"]
[Round "1.33"]
[White "Gusarov, Aleksey"]
[Black "Rozhko, Dmitry"]
[Result "1/2-1/2"]
[WhiteElo "1877"]
[BlackElo "2406"]
[PlyCount "99"]
[EventDate "2012.07.05"]

1. e4 e6 2. Nf3 d5 3. Nc3 dxe4 4. Nxe4 Nd7 5. d4 Ngf6 6. Nxf6+ Nxf6 7. Be2 Be7
8. O-O O-O 9. Be3 b6 10. Ne5 Bb7 11. Bf3 Bxf3 12. Qxf3 Qd5 13. Qxd5 Nxd5 14. c3
Bd6 15. Nc4 Rfd8 16. Bg5 Rd7 17. Ne3 Bf8 18. Nxd5 Rxd5 19. Be3 Rad8 20. Rfe1 f6
21. Bf4 c5 22. dxc5 e5 23. Be3 Bxc5 24. Bxc5 bxc5 25. Kf1 Kf7 26. f3 Ke6 27.
Rac1 Rd2 28. Re2 Rd1+ 29. Rxd1 Rxd1+ 30. Re1 Rxe1+ 31. Kxe1 Kd5 32. Kd2 f5 33.
Ke3 g5 34. b3 c4 35. b4 f4+ 36. Ke2 e4 37. fxe4+ Kxe4 38. a4 g4 39. a5 Kd5 40.
h3 h5 41. hxg4 hxg4 42. Kf2 Kc6 43. Ke2 Kb5 44. Kf2 Ka6 45. Ke2 Kb7 46. Kf2 Kc7
47. Ke2 Kd6 48. Kf2 Ke5 49. Ke2 Ke4 50. Kf2 1/2-1/2

[Event "L. Polugaevsky Memorial 2012"]
[Site "Samara"]
[Date "2012.07.05"]
[Round "1.34"]
[White "Yandarbiev, Ruslan"]
[Black "Rotmistrov, Aleksandr"]
[Result "1/2-1/2"]
[WhiteElo "2375"]
[BlackElo "1835"]
[PlyCount "96"]
[EventDate "2012.07.05"]

1. e4 c6 2. d4 d5 3. Nd2 dxe4 4. Nxe4 Bf5 5. Ng3 Bg6 6. h4 h6 7. Nf3 Nf6 8. Ne5
Bh7 9. Bd3 Bxd3 10. Qxd3 e6 11. Bf4 Qa5+ 12. Bd2 Qa6 13. Qxa6 Nxa6 14. O-O-O
Rd8 15. Be3 Bd6 16. Rhe1 Nd7 17. f4 Nb4 18. Kb1 Nd5 19. Ne4 Be7 20. h5 Nxe3 21.
Rxe3 Nf6 22. Nxf6+ gxf6 23. Ng4 f5 24. Ne5 Bf6 25. Kc1 Rg8 26. g3 Bxe5 27. dxe5
Ke7 28. Ra3 a6 29. Rb3 Rxd1+ 30. Kxd1 Rd8+ 31. Ke2 Rd7 32. a4 f6 33. exf6+ Kxf6
34. a5 Ke7 35. Kf3 Kd8 36. g4 fxg4+ 37. Kxg4 Rf7 38. Re3 Kd7 39. Re5 Rg7+ 40.
Kf3 Kd6 41. b4 Rg1 42. c4 Rb1 43. c5+ Kd7 44. Re4 Rh1 45. Re2 Ke7 46. Rg2 Kf7
47. Rd2 Ke7 48. Rg2 Kf7 1/2-1/2

[Event "L. Polugaevsky Memorial 2012"]
[Site "Samara"]
[Date "2012.07.05"]
[Round "1.35"]
[White "Chekalkina, Viktoria"]
[Black "Dimukhametov, Artur"]
[Result "0-1"]
[WhiteElo "1834"]
[BlackElo "2355"]
[PlyCount "62"]
[EventDate "2012.07.05"]

1. e4 e6 2. d4 b6 3. Nc3 Bb7 4. g3 Bb4 5. Bg2 f5 6. Qd3 Nf6 7. Bg5 fxe4 8. Qe3
c5 9. a3 cxd4 10. Qxd4 Bc5 11. Qd2 d5 12. Rd1 h6 13. Bf4 Nbd7 14. b4 Be7 15.
Nge2 e5 16. Be3 d4 17. Bxd4 e3 18. Bxe3 Bxg2 19. Rg1 Bf3 20. h3 O-O 21. g4 a5
22. g5 hxg5 23. Bxg5 axb4 24. axb4 Bxb4 25. Qe3 Bxe2 26. Kxe2 Qc7 27. Bxf6 Nxf6
28. Rd3 e4 29. Nxe4 Nxe4 30. Qd4 Qxc2+ 31. Kf1 Qxd3+ 0-1

[Event "L. Polugaevsky Memorial 2012"]
[Site "Samara"]
[Date "2012.07.05"]
[Round "1.36"]
[White "Fatkhutdinov, Gafiyat"]
[Black "Maslova, Polina"]
[Result "1-0"]
[WhiteElo "2354"]
[BlackElo "1824"]
[PlyCount "75"]
[EventDate "2012.07.05"]

1. e4 c5 2. Nf3 Nc6 3. Bb5 g6 4. O-O Bg7 5. c3 e5 6. Na3 Nge7 7. Nc4 Qc7 8. Ne3
O-O 9. a4 a6 10. Bc4 d6 11. b3 Be6 12. Bb2 Bxc4 13. bxc4 f5 14. d3 Rab8 15. Rb1
b5 16. cxb5 axb5 17. Ng5 Nd8 18. Qb3+ c4 19. dxc4 bxa4 20. Qxa4 Bh6 21. h4 Bxg5
22. hxg5 fxe4 23. Ba3 Rxb1 24. Rxb1 Ne6 25. Qa6 Nc5 26. Bxc5 Qxc5 27. Rb5 Qc7
28. Rb7 Qd8 29. Qa7 Rf7 30. Ng4 Kf8 31. Nh6 Rg7 32. Rd7 Qc8 33. Rxd6 Nf5 34.
Rf6+ Ke8 35. Qa4+ Rd7 36. Nxf5 gxf5 37. Qb5 Qc7 38. Rxf5 1-0